Normal view
MARC view
- Reyes, Alfonso,
Entry Nombre Personal
001 - NUMERO DE CONTROL
- campo de control: 23778
003 - IDENTIFICADOR DE NUMERO DE CONTROL
- campo de control: UPN
005 - FECHA Y HORA DE LA ÜLTIMA TRANSACCIÓN
- campo de control: 20220825113151.0
008 - DATOS DE LONGITUD FIJA
- campo de control de longitud fija: 220825n||acznnaabn | aaa |d
035 ## - NUMERO DE CONTROL
- Número de control: UPN10000023787
040 ## - FUENTE DE CATALOGACIÓN
- Agencia original de catalogación: UPN
- Lenguaje de catalogación: spa
- Agencia de transcripción: UPN
053 #4 - NÚMERO DE CLASIFICACIÓN LC
- Número de clasificación elemento-número único o número inicial de tramo: PQ7297 R3.86
100 1# - ENCABEZAMIENTO - NOMBRE PERSONAL
- Nombre personal: Reyes, Alfonso,
- Fechas asociadas con el nombre: 1889-1959
- Subdivisión temática general : Crítica e interpretación
670 ## - FUENTE EN LA QUE SE LOCALIZARON DATOS
- Cita de la fuente: T/P
- Información localizada: Diccionario Porrúa de historia, biografía y geografía de México
902 ## - CATALOGADOR
- Catalogador: CAA/290897
